| 000 | 01085cam a22003015a 4500 | ||
|---|---|---|---|
| 001 | 016635442 | ||
| 003 | OSt | ||
| 005 | 20201128021354.0 | ||
| 008 | 140217t2014 enka frbd 001 0 eng d | ||
| 020 | _a9780077161194 (paperback) | ||
| 020 | _a007716119X (paperback) | ||
| 040 |
_aStDuBDS _beng _cStDuBDS _dUk _dEG-ScBUE _dEG-ScBUE |
||
| 082 | 0 | 4 |
_a658.15 _bBLO _222 |
| 100 | 1 |
_aBlock, Stanley B. _938452 |
|
| 245 | 1 | 0 |
_aCorporate finance foundations / _cStanley B. Block, Geoffrey A. Hirt, Bartley R. Danielsen. |
| 250 | _a15th ed., Global ed. | ||
| 260 |
_aBerkshire : _bMcGraw Hill Education, _cc.2014. |
||
| 300 |
_a1 v. (various pagings) : _bill. (col.) ; _c26 cm. |
||
| 490 | 0 | _aMcGraw-Hill/Irwin series in finance, insurance, and real estate | |
| 500 | _aIncludes glossary. | ||
| 504 | _aIncludes bibliographical references and index. | ||
| 650 | 7 |
_aCorporations _xFinance. _2BUEsh _92321 |
|
| 651 | _2BUEsh | ||
| 653 |
_bBUSADM _cJune2015 _cSeptember2015 _cFebruary2016 |
||
| 700 | 1 |
_aHirt, Geoffrey A. _918365 |
|
| 700 | 1 | _aDanielsen, Bartley R. | |
| 942 |
_2ddc _k658.15 BLO |
||
| 999 |
_c20011 _d19983 |
||